00437nam a2200133Ia 4500008004100000041000800041082001900049100001900068245013600087250000600223260003900229300001400268650002100282210716s2008 xx 000 0 und d aeng a005.30287 MARB aMarick, Brian. aCraft of software testing: including object based and object oriented testing.bIncluding object based and object oriented testing. a1 aNew DelhibPearson Educationc2008 axxvii,553 aSoftware Testing